| 000 | 01345nam a2200337 a 4500 | ||
|---|---|---|---|
| 001 | 000007117 | ||
| 003 | DO-SdBNP | ||
| 005 | 20260421091200.0 | ||
| 008 | 090904s2001 dr a 000 0 spa d | ||
| 020 | _a9993401978 | ||
| 040 |
_aDO-SdBNP _bspa _cBNPHU |
||
| 082 |
_a324.7 _bR173f |
||
| 100 | 1 |
_aRamírez Morillo, Belarminio, _d1964- _92520 |
|
| 245 | 1 | 0 |
_aFundamentos de marketing político / _cBelarminio Ramírez Morillo ; prólogo Abraham Medina ; presentación José Nicolás Almánzar García. |
| 260 |
_aSanto Domingo : _bEdiciones de la Fundación de Estudios Sociopolíticos, Jurídicos y Económicos, _c2001. |
||
| 300 |
_a167 p. : _bil. ; _c22 cm. |
||
| 500 | _aIncluye datos biográficos del autor en la solapa de la cubierta | ||
| 500 | _aIncluye referencias bibliográficas y notas al pie de las páginas | ||
| 504 | _aBibliografía: p. 161-167 | ||
| 590 | _aInventariado, 2019/MFF | ||
| 650 | 4 |
_aMercadeo político _919754 |
|
| 650 | 4 |
_aComunicanción en política _919755 |
|
| 650 | 0 |
_aTácticas políticas _919756 |
|
| 650 | 0 |
_aMercadotecnia _xPlanificación _949516 |
|
| 650 | 4 |
_aPronósticos electorales _919758 |
|
| 650 | 4 |
_aPropaganda _9419 |
|
| 700 | 1 |
_aMedina, Abraham, _epról. _96361 |
|
| 700 | 1 |
_aAlmánzar García, José Nicolás _93006 |
|
| 910 | _aValidado. Control de calidad MFF | ||
| 942 |
_2ddc _cLBS1 |
||
| 999 |
_c6898 _d6898 |
||